| 000 | 00370nam a2200133Ia 4500 | ||
|---|---|---|---|
| 008 | 100328s9999 xx 000 0 und d | ||
| 082 | _b2887 | ||
| 100 | _aArthur Loveridge | ||
| 245 | _aMany Happy Days I've Squandered | ||
| 260 | _bThe Scientific Book Club | ||
| 630 | _aMany Happy Days I've Squandered | ||
| 730 | _aMany Happy Days I've Squandered | ||
| 942 | _cBOOK | ||
| 999 |
_c499073 _d499070 |
||